| 000 | 03424cam a22005774i 4500 | ||
|---|---|---|---|
| 003 | PE-LiUPU | ||
| 005 | 20250731183433.0 | ||
| 008 | 150706s2010 sp a r 000 0 d | ||
| 020 | _a9786123040031 | ||
| 020 | _a9788499480213 (volumen II) | ||
| 020 | _a9788499480206 (volumen I) | ||
| 035 | _a(Sirsi) i9786123040031 | ||
| 040 |
_aPE-LiUPU _bspa _cPE-LiUPU _erda |
||
| 049 | _aPRUA | ||
| 082 | 0 | 4 |
_a534 _bB23 _221 |
| 082 | 0 | 4 |
_a729.29 _bB24 2010 |
| 100 | 1 |
_aBarti Domingo, Robert, _eautor. |
|
| 245 | 1 | 0 |
_aAcústica medioambiental / _cRobert Barti Domingo. |
| 264 | 1 |
_aSan Vicente (Alicante, España) : _bEditorial Club Universitario, _c[2010]. |
|
| 300 |
_a2 volumenes (573 páginas) : _bilustraciones ; _c24 centímetros. |
||
| 336 |
_atext _2rdacontent |
||
| 337 |
_aunmediated _2rdamedia |
||
| 338 |
_avolume _2rdacarrier |
||
| 504 | _aIncluye bibliografía. | ||
| 505 | 0 | _aVolumen I: Propiedades del sonido -- Propagación del sonido -- Medida del sonido -- Sistema auditivo humano -- Efectos del ruido sobre las personas -- La sonoridad del sonido -- Análisis en frecuencia -- Ruido del tráfico -- Volumen II: Ruido de ferrocarril -- Ruido de aeronaves -- Ruido de actividades -- Acústica urbana -- Modelos de predicción del ruido de tráfico -- Barreras acústicas. | |
| 505 | 0 | _aVolumen II: Ruido de ferrocarril -- Ruido de aeronaves -- Ruido de actividades -- Acústica urbana -- Modelos de predicción del ruido de tráfico -- barreras acústicas. | |
| 526 | _aP158 | ||
| 526 | _aP146 | ||
| 526 | _aP17 | ||
| 526 | _aP12 | ||
| 526 | _aP06 | ||
| 541 | _g015-0016191; | ||
| 541 | _g0014-0001982; | ||
| 541 | _g001-0042329; | ||
| 650 | 1 | 4 | _aAcústica arquitectónica. |
| 650 | 2 | 4 | _aAcústica. |
| 910 |
_agl _clch _d20131126 |
||
| 910 |
_armch _btqv _caic _d20170214 |
||
| 910 |
_adbm _bncf _cncf _d20180115 |
||
| 942 |
_2ddc _cBOOK |
||
| 949 |
_a534 B23 2 _wDEWEY _c1 _i69099 _lCCODEBUL1 _mBUL _p49.00 _r0 _sY _tBOOK _u2015-7-6 _xINGENIERIA _PP24 _o.STAFF. Colección General |
||
| 949 |
_a729.29 B24 V1 2010 _wDEWEY _c1 _iFJ06810 _lCCODEBUJ1 _mBUJ _p36.28 _r0 _sY _tBOOK _u2017-02-14 _xINGENIERÍA _PP24 _0COMPRA _o.STAFF. Colección General Juliaca |
||
| 949 |
_a729.29 B24 V2 2010 _wDEWEY _c1 _iFJ06811 _lCCODEBUJ1 _mBUJ _p36.28 _r0 _sY _tBOOK _u2017-02-14 _xINGENIERÍA _PP24 _0COMPRA _o.STAFF. Colección General Juliaca |
||
| 994 |
_aC0 _bPEPRU |
||
| 596 | _a1 3 | ||
| 999 |
_a729.29 B23 2 _wDEWEY _c54167 _i69099 _d54167 _f2021-11-10 _g7 _lCCODEBUL1 _mBUL _p49.00 _q1 _r0 _sY _tBOOK _u2015-7-6 _xINGENIERIA _PP24 _0COMPRA _o.STAFF. Colección General |
||
| 999 |
_a729.29 B23 2 _wDEWEY _c2 _i78001 _f2021-11-10 _g4 _lCCODEBUL1 _mBUL _p37.03 _r0 _sY _tBOOK _u2018-1-15 _xINGENIERIA _PP24 _0COMPRA _o.STAFF. Colección Ingeniería y Arquitectura |
||
| 999 |
_a729.29 B24 2010 _wDEWEY _c1 _iFJ06810 _d2019-4-10 _e2018-12-12 _f2022-2-1 _g2 _lCCODEBUJ1 _mBUJ _n1 _p36.28 _q2 _r0 _sY _tBOOK _u2017-2-14 _xINGENIERIA _PP24 _0COMPRA _o.STAFF. Colección General Juliaca |
||
| 999 |
_a729.29 B24 2010 _wDEWEY _c2 _iFJ06811 _d2019-2-25 _e2018-12-12 _f2022-2-1 _g2 _lCCODEBUJ1 _mBUJ _n1 _p36.28 _r0 _sY _tBOOK _u2017-2-14 _xINGENIERIA _PP24 _0COMPRA _o.STAFF. Colección General Juliaca |
||
| 980 |
_81 _gALBERTO SANCHEZ Responsable de Automatización |
||